01185cam a22003253a 4500001000500000005001700005020002500022020001800047020002200065020001500087040010500102050001400207082000800221100002600229245005200255260003400307300004000341490004200381490002000423490003100443500002600474505000800500520020300508521002000711521002000731650003500751650002700786650002000813650002600833117820250619152147.0 a9780590424998 (pbk.) a9780590439732 a0590424998 (pbk.) a0590439731 aVPLcVPLdOCLdOCLCQdBTCTAdYDXCPdOCLCGdGRRdAU@dVVWdXY4dNOBdBAKERdZRSdNZHWPdW6RdDLCbeng00aPZ7.G6578 aFic1 aMartin, Ann M.d1955-10aBaby-sitters' winter vacation /cAnn M. Martin. aNew York :bScholastic,c1989 a230 pages :billustrations ;c20 cm1 aBaby-sitters club super special ;v030 aApple Paperback0 aAmerica's Favorite Series! a"An Apple paperback." aR  aWhen Jack Frost arrives, the members of the Baby-Sitters Club head for the snow-covered mountains with their skis, skates, snowsuits, and boots in tow, on the lookout for winter fun and male skiers.8 a760 bLexile 8 aR bRaz-Plus  0aBabysittersvJuvenile fiction. 1aBaby sittersvFiction. 1aGirlsvFiction. 1aGirl's clubvFiction.